00281nam a2200121Ia 4500008004100000082001800041100001500059245002200074250000800096260002300104300001000127650002200137150201s2007 xx 000 0 und d aC2008Db617.6 aYADAV,N.S. aMCQS IN DENTISTRY a2ND bAITBSaDELHIc2007 a1-422 aGENERAL DENTISTRY